| 000 | 00423cam a2200181 4500 | ||
|---|---|---|---|
| 001 | D11909 | ||
| 008 | 090401t1947 xxu||||| |||| 00| 0 eng d | ||
| 035 | _a(Sirsi) u230 | ||
| 041 | _aeng | ||
| 100 | _aAdkin, B. W. | ||
| 245 | 2 | _aA handbook of the law relating to landlord and tenant | |
| 250 | _a12th | ||
| 260 |
_bEstates Gazette _c1947 |
||
| 350 | _a0 | ||
| 520 | _aShelf 113 | ||
| 942 | _n0 | ||
| 948 | _c04/03/1997 | ||
| 999 |
_c85494 _d85494 |
||